00485nam a22001577a 450000500170000001000150001702000270003203500140005903700130007308200080008610000250009424500440011926000360016327001070019930000210030620221020112717.0 aENG-135506 a9789382730637c1395.00 aEN-119038 bDBAD/PUB a370 aTambe, Shashikant L. aSpecial education/cShashikant L. Tambe akanpurbGarima prakashan c2018 aIst floor, mayur park basant vihar, Naubastabkanpure208021k0512-2634444mgarima.prakashan@gmail.com a328p.c22cm(hbk)